| 000 | 01699pam a2200265 a 4500 | ||
|---|---|---|---|
| 999 |
_c5828 _d5828 |
||
| 001 | 015758538 | ||
| 003 | Uk | ||
| 005 | 20251118101905.0 | ||
| 008 | 110214s2011 enk 000|0 eng|d | ||
| 020 | _a9781848503281 (pbk.) | ||
| 040 |
_aStDuBDS _beng _cStDuBDS _dUk _dKH8 |
||
| 042 | _aukblcatcopy | ||
| 082 | 0 | 4 |
_a154.63 WAL _222 |
| 100 | 1 |
_aWallace, Ian, _eauthor. |
|
| 245 | 1 | 4 |
_aThe top 100 dreams : _bthe dreams that we all have and what they really mean / _cIan Wallace. |
| 260 |
_aLondon : _bHay House, _cc2011. |
||
| 300 |
_axv, 262 p. ; _c22 cm. |
||
| 336 |
_atext _2rdacontent |
||
| 337 |
_aunmediated _2rdamedia |
||
| 338 |
_avolume _2rdacarrier |
||
| 520 | _aWe all dream, but our dreams often seem to be bizarre and confusing experiences that make little sense to us, no matter how much we try to analyze them. The key to understanding our dreams is looking beyond individual symbols and being able to see the bigger picture in the stories that we choose to create every night. There are 100 of these dream themes that are consistently reported by dreamers everywhere in the world, regardless of country or culture. These top 100 dreams appear again and again because they reflect fundamental life patterns. By recognizing them, you will begin to achieve a much deeper understanding of your dreams and yourself. This book describes the 100-most common dreams; it explains why you dream them and suggests how you can use them to help you realize your most cherished hopes and aspirations in everyday life. Each dream is methodically interpreted and linked to a perfectly explained real-life situation. | ||
| 650 | 0 | _aDreams. | |
| 650 | 0 | _aDream interpretation. | |
| 942 |
_2ddc _cNFIC |
||